000 00401nam a2200145 4500
005 20260420094508.0
008 260420b |||||||| |||| 00| 0 eng d
020 _a978-93-5014-415-2
100 _aGupta J.B
245 _aA Course in Electrical Technology
_c/J.B. Gupta
250 _a14th ed
260 _aNew Delhi, India;
_bS.K. kataria & Sons;
_c2016
300 _axxvi,ill;
_c29cm
942 _2lcc
_n0
_cBK
999 _c226
_d226